Atlas de geomorfología / (Record no. 8140)

MARC details
000 -LEADER
campo de control de longitud fija 00856nam a2200277 i 4500
001 - NÚMERO DE CONTROL
campo de control 8140
003 - IDENTIFICADOR DE NÚMERO DE CONTROL
campo de control ES-MaACL
005 - FECHA Y HORA DE LA ÚLTIMA TRANSACCIÓN
campo de control 20250725002246.0
007 - CAMPO FIJO DE DESCRIPCIÓN FÍSICA--INFORMACIÓN GENERAL
campo de control de longitud fija t|
008 - DATOS DE LONGITUD FIJA--INFORMACIÓN GENERAL
campo de control de longitud fija 920225s1986 sp ||||1| spa d
020 ## - NÚMERO INTERNACIONAL ESTÁNDAR DEL LIBRO
Número Internacional Estándar del Libro 84-206-6205-4
080 ## - NÚMERO DE LA CLASIFICACIÓN DECIMAL UNIVERSAL
Número de la Clasificación Decimal Universal 551.4(46)(084.4)
245 00 - MENCIÓN DEL TÍTULO
Título Atlas de geomorfología /
Mención de responsabilidad, etc. coordinadores Eduardo Martínez de Pisón y Blanca Tello.
260 ## - PUBLICACIÓN, DISTRIBUCIÓN, ETC.
Lugar de publicación, distribución, etc. Madrid :
Nombre del editor, distribuidor, etc. Alianza,
Fecha de publicación, distribución, etc. D.L.1986.
300 ## - DESCRIPCIÓN FÍSICA
Extensión 365 p. :
Otras características físicas il. ;
Dimensiones 20 cm.
490 1# - MENCIÓN DE SERIE
Mención de serie Alianza atlas ;
Designación de volumen o secuencia 5
500 ## - NOTA GENERAL
Nota general Indices.
650 17 - PUNTO DE ACCESO ADICIONAL DE MATERIA--TÉRMINO DE MATERIA
Término de materia o nombre geográfico como elemento de entrada Geomorfología
Fuente del encabezamiento o término embne
9 (RLIN) 13105
651 #4 - PUNTO DE ACCESO ADICIONAL DE MATERIA--NOMBRE GEOGRÁFICO
Nombre geográfico España-
Subdivisión general Geomorfología.
9 (RLIN) 8205
700 1# - ENTRADA AGREGADA--NOMBRE PERSONAL
Nombre de persona Martínez de Pisón, Eduardo.
9 (RLIN) 78025
700 1# - ENTRADA AGREGADA--NOMBRE PERSONAL
Nombre de persona Tello, Blanca.
9 (RLIN) 109652
830 0# - PUNTO DE ACCESO ADICIONAL DE SERIE-TÍTULO UNIFORME
Título uniforme Alianza atlas ;
Designación de volumen o secuencia 5
9 (RLIN) 179317
852 ## - LOCALIZACIÓN
Ubicación ES-MaACL
Número de control de estantería L-15552
Sublocalización o colección R.119982
852 ## - LOCALIZACIÓN
Ubicación ES-MaACL
Número de control de estantería L-9972
Sublocalización o colección R.111879
Holdings
Estatus retirado Estado de pérdida Estado de daño No para préstamo Biblioteca de origen Biblioteca actual Ubicación en estantería Fecha de adquisición Fuente de adquisición Total de préstamos Signatura topográfica completa Código de barras Visto por última vez Precio de reemplazo Tipo de ítem Koha
        Biblioteca del Ateneo de Madrid Biblioteca del Ateneo de Madrid Depósito 2 17/01/2008     L-9972 1008301 23/02/2023 23/02/2023 Libro impreso
        Biblioteca del Ateneo de Madrid Biblioteca del Ateneo de Madrid Depósito 2 17/01/2008     L-15552 1008300 23/02/2023 23/02/2023 Libro impreso